O rato da cidade e o rato do campo (Registo nº 2085)
[ vista simples ]
| 000 -Etiqueta do registo | |
|---|---|
| Cabeçalho | 00829nam a22002651 4500 |
| 005 - Identificador da versão | |
| Campo de controlo | 20240827113611.0 |
| 010 ## - Número internacional normalizado dos livros (ISBN) | |
| Número (ISBN) | 9724304132 |
| 021 ## - Número do Depósito Legal | |
| Código do país | PT |
| Número | 157920/00 |
| 100 ## - Dados gerais de processamento | |
| Dados gerais de processamento | 20010509d2001 c y0pory5003 ba |
| 101 1# - Língua de publicação | |
| Língua do texto, banda sonora, etc. | Português |
| Língua do documento no original | Francês |
| 102 ## - Pais de publicação ou produção | |
| País de publicação | Portugal |
| 105 ## - Campo de dados codificados: livros | |
| Dados codificados dos livros | a z 000fy |
| 106 ## - Campo de dados codificados: material textual | |
| Dados codificados do material textual | r |
| 200 1# - Titulo e menção de responsabilidade | |
| Título próprio | O rato da cidade e o rato do campo |
| Informação de outro título | conto tradicional |
| Primeira menção de responsabilidade | il. Isabelle Chatellard |
| Outras menções de responsabilidade | trad. Maria Teresa dos Santos Silva |
| 210 ## - Publicação, Distribuição, etc. | |
| Lugar da edição, distribuição, etc. | Porto |
| Nome do editor, distribuidor, etc. | Ambar |
| Data da publicação, distribuição, etc. | 2001 |
| 215 ## - Descrição física | |
| Indicação específica da natureza do documento e extensão da espécie | 29 p. |
| Outras indicações físicas | muito il. |
| Dimensões | 20 cm |
| 225 2# - Colecção | |
| Título próprio da colecção | As pedrinhas |
| Indicação de volume | 16 |
| 304 ## - Notas relativas a título e menção de responsabilidade | |
| Texto da nota | Tít. orig.: Le rat de ville et le rat des champs |
| 606 ## - Nome comum usado como assunto | |
| Número de registo de entrada de autoridade | 0000001 |
| Palavra de ordem | Literatura estrangeira infantil |
| Subdivisão de assunto | Conto |
| 675 ## - Classificação Decimal Universal (CDU) | |
| Notação | 82-34 |
| Edição | 2ª |
| Língua da edição | por |
| 701 #1 - Nome de autor-pessoa física (co-responsabilidade principal) | |
| Palavra de ordem | Chatellard |
| Outra parte do nome não tomada para palavra de ordem | Isabelle |
| Código de função | Ilustrador / Técnico de desenho computorizado |
| 702 #1 - Nome de autor-pessoa física (responsabilidade secundária) | |
| Número de registo de entrada de autoridade | 0000823 |
| Palavra de ordem | Silva |
| Outra parte do nome não tomada para palavra de ordem | Maria Teresa dos Santos |
| Código de função | Tradutor |
| 942 ## - Elementos de entrada adicionados (Koha) | |
| Tipo de item no Koha | Livro |
| Situação do levantamento | Origin of item (home branch) (coded) | Biblioteca de empréstimo | Código de barras | Cota | Circulation type (not for loan) | Tipo de documento | Nota do exemplar | Damaged status |
|---|---|---|---|---|---|---|---|---|
| Biblioteca Escolar da Coca Maravilhas | Biblioteca Escolar da Coca Maravilhas | BECM5097/01 | 8EST CHA | Livro | Sem mensagem |
